Osobnost Milana Štefánika

Bibliographic Details
Main Author: Šalda, F. X. (František Xaver), 1867-1937 (Author)
Format: Book
Language:Czech
PhysicalDescription:S. 80 - 84 15 cm
Published: Praha Společnosť F.X. Šaldy 1991
Subjects:

MARC

LEADER 00000cam a2200000 a 4500
001 vtls011426456
003 SK-MaSNL
005 20260302051408.0
008 240318s1991 xo 000 0 cze
015 |a SNBZSE2016 
040 |a SNK  |b slo  |c SNK  |e AACR2 
041 0 |a cze 
044 |a xr  |c CZ 
072 7 |a 32  |x Politika  |2 konspekt 
080 |a 32-051  |2 2001 
080 |a 929  |2 2001 
080 |a (036)  |2 2001 
100 1 |a Šalda, F. X.  |q (František Xaver),  |d 1867-1937  |4 aut  |9 112587 
245 1 0 |a Osobnost Milana Štefánika  |c F.X. Šalda 
260 |a Praha  |b Společnosť F.X. Šaldy  |c 1991 
300 |a S. 80 - 84  |c 15 cm 
500 |a Faksimile posledného náhľadu korektúry stati pripravené pre vyd. Kritických prejavov 11 v r. 1956, vyšlo v knihe Časové i nadčasové r. 1936 
500 |a Voľné listy v prebale 
600 1 7 |a Štefánik, Milan Rastislav,  |d 1880-1919  |2 SNKMA  |9 86219 
650 0 7 |a politici  |2 SNKPH  |9 2679 
650 0 7 |a Politicians  |2 SNKPHeng  |9 281560 
655 7 |a informačné publikácie  |2 SNKPH  |9 70181 
655 7 |a Information publications  |2 SNKPHeng  |9 265188 
958 |a ZS 
958 |a CZ 
958 |a BX 
999 |c 1101007  |d 1102937 
952 |a SNK  |b SNK  |y PREZ  |7 0  |p 17A1124246  |o snkOSE 5090  |i snk2015/32802  |8 1  |0 0  |1 0  |4 0  |d 2015-12-07  |l 0  |r 2026-02-24 17:29:39  |w 2026-02-24